Gaming Quiz

Random Gaming Quiz

HotS Battlegrounds *UPDATED* Quiz Stats

Quiz not verified by Sporcle

Also try: Board Game Slogans
Challenge
Share
Tweet
Embed
Score 0/12 Timer 01:30
0 Plays Today
Map % Correct
Garden of Terror
82.8%
Dragon Shire
80.1%
Haunted Mines
79%
Battlefield of Eternity
78%
Blackheart's Bay
74.7%
Sky Temple
71.5%
Tomb of the Spider Queen
69.4%
Cursed Hollow
66.7%
Towers of Doom
66%
Infernal Shrines
65.6%
Warhead Junction
55.3%
Braxxis Holdout
44.7%

You're not logged in!

Compare scores with friends on all Sporcle quizzes.
Sign Up with Email
OR
Log In

You Might Also Like...

Show Comments

Extras

Top Quizzes Today


Score Distribution

Your Account Isn't Verified!

In order to create a playlist on Sporcle, you need to verify the email address you used during registration. Go to your Sporcle Settings to finish the process.

Report this User

Report this user for behavior that violates our Community Guidelines.

Details: